Obscure Geography 4 - Statistics

General Stats
  • This quiz has been taken 93 times
  • The average score is 12 of 25
Answer Stats
Hint Answer % Correct
What peninsula is claimed and occupied by Russia and connected to Ukraine by a narrow land bridge? Crimea
96%
Hungary
89%
Czechia
88%
Poland
88%
Slovakia
86%
Romania
85%
What country was connected to India by a land bridge until 1480? Sri Lanka
85%
What Turkish city shares its name with a fictional hero? Batman
81%
Serbia
80%
Ukraine
79%
What countries do the Carpathian Mountains cross? Austria
78%
Ural Mountains
76%
What mountain ranges are considered the borders between Europe and Asia? Caucasus Mountains
74%
What tunnel and bridge connect Denmark and Sweden? Øresund Bridge
35%
Within what country is there a micronation that is still at war with Nazi Germany? The United States of America
24%
What city has a complicated split between Belgium and the Netherlands? Baarle-Nassau
21%
What territories did Romania lose after World War II? Bessarabia (Soviet Union)
18%
What Turkish city was Diogenes, a founder of Cynicism, born in? Sinop
10%
What island was home to the last feudal state in Europe? Sark
8%
What German exclave is completely surrounded by Switzerland? Büsingen am Hochrhein
4%
Northern Bukovina (Soviet Union)
4%
Drogden Tunnel
0%
What newly formed island in the mouth of the Danube is now owned by Romania? Musura Island
0%
Southern Dobrudzha (Bulgaria)
0%
What former railroad was taken by Belgium after World War I, separating parts of Germany from the rest of the country? Vennbahn
0%
No matching quizzes found
Score Distribution
Percent of People with Each Score
Percentile by Number Answered
Your Score History
You have not taken this quiz